|
|
|
|
| LEADER |
00000nam0a2200000 4500 |
| 001 |
84534 |
| 005 |
20231031100635.0 |
| 010 |
|
|
|a 5472009154
|
| 035 |
|
|
|a (RuTPU)RU\TPU\book\90859
|
| 090 |
|
|
|a 84534
|
| 100 |
|
|
|a 20051101d2005 k y0rusy50 ca
|
| 101 |
0 |
|
|a rus
|
| 102 |
|
|
|a RU
|
| 105 |
|
|
|a y n 000zy
|
| 200 |
1 |
|
|a Льготы - 2005
|f Т. А. Стяжкина
|
| 210 |
|
|
|a Москва
|c Экзамен
|d 2005
|
| 215 |
|
|
|a 544 с.
|
| 225 |
1 |
|
|a Документы & Комментарии
|
| 610 |
1 |
|
|a льготы
|
| 610 |
1 |
|
|a население
|
| 610 |
1 |
|
|a социальное обеспечение
|
| 610 |
1 |
|
|a компенсации
|
| 610 |
1 |
|
|a социальные гарантии
|
| 610 |
1 |
|
|a социальные услуги
|
| 610 |
1 |
|
|a условия
|
| 610 |
1 |
|
|a предоставление
|
| 610 |
1 |
|
|a государственные гарантии
|
| 610 |
1 |
|
|a нормативные акты
|
| 610 |
1 |
|
|a необходимые документы
|
| 610 |
1 |
|
|a формы
|
| 610 |
1 |
|
|a образцы
|
| 610 |
1 |
|
|a льготники
|
| 610 |
1 |
|
|a категории
|
| 610 |
1 |
|
|a денежные выплаты
|
| 610 |
1 |
|
|a лекарственные средства
|
| 610 |
1 |
|
|a медицинское обслуживание
|
| 610 |
1 |
|
|a санитарно-курортное лечение
|
| 610 |
1 |
|
|a сборники
|
| 686 |
|
|
|a У9(2)272
|v LBC/SL-A
|2 rubbk
|
| 686 |
|
|
|a Х627.6
|v LBC/SL-A
|2 rubbk
|
| 700 |
|
1 |
|a Стяжкина
|b Т. А.
|g Тамара Александровна
|
| 801 |
|
1 |
|a RU
|b 63413507
|c 20051101
|g PSBO
|
| 801 |
|
2 |
|a RU
|b 63413507
|c 20101129
|g PSBO
|
| 942 |
|
|
|c BK
|
| 959 |
|
|
|a 84/20051019
|d 1
|e 91,85
|f ЧЗСИО:1
|